| 000 | 01026nam a22003377a 4500 | ||
|---|---|---|---|
| 001 | BR7808047 | ||
| 003 | BR-BrBNA | ||
| 005 | 20230928085851.0 | ||
| 007 | ta | ||
| 008 | 230509b bl.||||| |||| 00| 0 por d | ||
| 040 |
_aBR-BrBNA _bpor _cBiblioteca Nacional de Agricultura |
||
| 041 | _a(Por) | ||
| 072 |
_aE13; F01 _b0230 _b9320 _b8961 _b/G514 |
||
| 090 | _ 0230 BR7808047 | ||
| 110 | 1 |
_aCooperativa Central dos Produtores de Acucar e Alcool do Estado de Sao Paulo, Sao Paulo (Brasil) _92827 |
|
| 245 | 1 | _aCustos de producao de cana, acucar e alcool; safra 1978-79 [Saccharum officinarum, Parana, Sao Paulo] | |
| 260 | 3 |
_aSao Paulo, SP (Brasil): _c1978. |
|
| 300 | _a84 p. | ||
| 500 | _a13 graphs; 27 tables | ||
| 650 | _aMICROECONOMIA | ||
| 650 | _aPRODUCAO VEGETAL | ||
| 650 | _aCANA DE ACUCAR | ||
| 650 | _aACUCAR | ||
| 650 | _aCUSTO DE PRODUCAO | ||
| 650 | _aPREVISAO DE SAFRA | ||
| 650 | _aALCOOL | ||
| 650 | _aPARANA | ||
| 650 | _aSAO PAULO | ||
| 909 |
_a202309 _bLucia _c55 _dLucia Elande |
||
| 942 | _cBK | ||
| 999 |
_c26768 _d26768 |
||